000 00358 a2200145 4500
001 193227
020 _a
040 _cMagnum
100 _aPaula, Heber Eustaquio de
240 1 0 _aCabeca de ferro, peito de aco, perna de pau:
_lpor
245 1 0 _aCabeca de ferro, peito de aco, perna de pau:
362 0 _a1899
697 _aEDUCACAO FISICA
942 _cBK
999 _c193227
_d193227